Score 0/15 Timer 01:30
0 Plays Today
Clue 4-Letter Word % Correct
Eating utensil FORK
97.9%
'The ___ the merrier'MORE
97.7%
It lost to the tortoiseHARE
96.4%
Neither easy nor soft•HARD•
96.2%
Golfer's outcryFORE
95.4%
Gibson movie: 'What Women ___'WANT
95.1%
Foal's momMARE
93.4%
Skillet fatLARD
92.5%
Clue 4-Letter Word % Correct
It crushes scissors•ROCK•
90.4%
Job seeker's desire•WORK•
90.3%
Verbal rampageRANT
89.8%
Arrive at ORD or LAXLAND
89.2%
Harry's was made of holly woodWAND
87.4%
Hierarchical military positionRANK
84.7%
Lamb servingRACK
82.8%

Today's Daily Dose

Word Ladder
I Have a Dream

Get the Picture
January Holidays

Remove Ads.
Support Sporcle.
Get the best of Sporcle when you Go Orange. This ad-free experience offers more features, more stats, and more fun while also helping to support Sporcle. Thank you for becoming a member.

You're not logged in!

Compare scores with friends on all Sporcle quizzes.
OR
Log In

Show Comments

Extras

Top Quizzes Today


Score Distribution

Your Account Isn't Verified!

In order to create a playlist on Sporcle, you need to verify the email address you used during registration. Go to your Sporcle Settings to finish the process.

Report this User

Report this user for behavior that violates our Community Guidelines.

Details: